[Event "33rd Rilton Cup"]
[Site "Stockholm SWE"]
[Date "2003.12.28"]
[Round "2.29"]
[White "Dalmau, Joergen"]
[Black "Aagaard, Jacob"]
[Result "0-1"]
[WhiteElo "2003"]
[BlackElo "2373"]
[EventDate "2003.12.27"]
[PlyCount "82"]

1.e4 c5 2.Nf3 d6 3.c3 Nf6 4.Bd3 Nc6 5.Bc2 Bg4 6.d3 e6 7.Nbd2 Be7 8.h3 Bh5 
9.O-O b5 10.Re1 O-O 11.Nf1 h6 12.Ng3 Bxf3 13.gxf3 Re8 14.f4 Bf8 15.Be3 Rc8
16.Kh1 b4 17.c4 g6 18.Ba4 Bg7 19.e5 Nd7 20.Ne4 dxe5 21.Nd6 exf4 22.Bxf4 
Bxb2 23.Nxc8 Qxc8 24.Rb1 Bg7 25.Qf3 Nd4 26.Qg2 Nf5 27.a3 g5 28.Bh2 a5 29.
axb4 cxb4 30.Qc6 Qxc6+ 31.Bxc6 Rd8 32.Bb5 Nc5 33.Bc7 Ra8 34.Rbd1 a4 35.Be5
a3 36.Bxg7 Kxg7 37.d4 Nb3 38.d5 Nbd4 39.dxe6 fxe6 40.Bd7 a2 41.Bxe6 Nxe6 
0-1

[Event "33rd Rilton Cup"]
[Site "Stockholm SWE"]
[Date "2003.12.28"]
[Round "2.30"]
[White "Kiik, Kalle"]
[Black "Asberg, Anders"]
[Result "1-0"]
[WhiteElo "2433"]
[BlackElo "1886"]
[EventDate "2003.12.27"]
[PlyCount "61"]

1.c4 c5 2.Nf3 g6 3.g3 Bg7 4.Bg2 Nc6 5.Nc3 b6 6.O-O Bb7 7.e3 Bxc3 8.dxc3 
Nf6 9.Qe2 d6 10.e4 Qc7 11.Ne1 O-O-O 12.Nc2 h6 13.f4 Rdg8 14.Ne3 g5 15.Nd5 
Qd8 16.e5 dxe5 17.fxe5 Nd7 18.e6 fxe6 19.Qxe6 Kb8 20.Re1 Rg7 21.b4 Rhg8 
22.Ba3 Rg6 23.Qe2 e6 24.Ne3 Qc7 25.bxc5 Nxc5 26.Bxc5 bxc5 27.Rab1 Ka8 28.
Ng4 Rb8 29.Qe4 Ne7 30.Rxb7 Rxb7 31.Rb1 1-0

[Event "33rd Rilton Cup"]
[Site "Stockholm SWE"]
[Date "2003.12.28"]
[Round "2.31"]
[White "Lukin, Andrei"]
[Black "Martinsen, Stig"]
[Result "0-1"]
[WhiteElo "2431"]
[BlackElo "2117"]
[EventDate "2003.12.27"]
[PlyCount "32"]

1.e4 d6 2.d4 Nf6 3.Nc3 g6 4.Be3 c6 5.Nf3 Bg7 6.Qd2 Qa5 7.h3 Nbd7 8.Bd3 e5 
9.O-O Qc7 10.a4 b6 11.Bh6 O-O 12.Bxg7 Kxg7 13.Ne2 d5 14.exd5 e4 15.dxc6 
exf3 16.cxd7 fxe2 0-1

[Event "33rd Rilton Cup"]
[Site "Stockholm SWE"]
[Date "2003.12.28"]
[Round "2.32"]
[White "Gustafsson, Stefan"]
[Black "Poley, Vladimir"]
[Result "0-1"]
[WhiteElo "1980"]
[BlackElo "2425"]
[EventDate "2003.12.27"]
[PlyCount "54"]

1.e4 g6 2.g3 d5 3.exd5 Qxd5 4.Qf3 Qd8 5.Bg2 Bg7 6.Nc3 Nh6 7.Qd1 Nc6 8.d3 
Bg4 9.f3 Bd7 10.Be3 Nf5 11.Bf2 O-O 12.Nge2 e5 13.O-O Ncd4 14.Ne4 Bc6 15.c3
Ne6 16.Qc2 Bh6 17.Nc1 Ne3 18.Bxe3 Bxe3+ 19.Nf2 f5 20.Qe2 f4 21.Kh1 fxg3 
22.hxg3 Qg5 23.Nh3 Qh6 24.Nb3 Rf5 25.Rae1 Bf4 26.g4 Rf7 27.Kg1 Bg3 0-1

[Event "33rd Rilton Cup"]
[Site "Stockholm SWE"]
[Date "2003.12.28"]
[Round "2.37"]
[White "Lehikoinen, Pertti"]
[Black "Johansson, Kent"]
[Result "1-0"]
[WhiteElo "2235"]
[BlackElo "2027"]
[EventDate "2003.12.27"]
[PlyCount "89"]

1.d4 Nf6 2.c4 g6 3.Nc3 Bg7 4.e4 d6 5.Be2 O-O 6.Nf3 e5 7.O-O Nc6 8.d5 Ne7 
9.a4 Nd7 10.Ne1 f5 11.f3 f4 12.a5 g5 13.b4 Nf6 14.Nd3 Ng6 15.Bd2 h5 16.Nf2
Rf7 17.Rc1 Bf8 18.Be1 Rg7 19.h3 Nh8 20.Nb5 a6 21.Na3 Nf7 22.c5 g4 23.hxg4 
hxg4 24.fxg4 Nh6 25.c6 bxc6 26.dxc6 Nhxg4 27.Nxg4 Nxg4 28.Qb3+ Kh8 29.Rc3 
Ne3 30.Rxe3 fxe3 31.Qxe3 Rg6 32.Rf3 Bh6 33.Qf2 Be6 34.b5 axb5 35.Nxb5 Bc8 
36.Rf7 Be6 37.Rxc7 Rb8 38.Rb7 Rxb7 39.cxb7 Bf4 40.Qh4+ Qxh4 41.Bxh4 Rg8 
42.a6 Bh3 43.Bf1 Be3+ 44.Bf2 Bd7 45.Bxe3 1-0

[Event "33rd Rilton Cup"]
[Site "Stockholm SWE"]
[Date "2003.12.28"]
[Round "2.38"]
[White "Elfstrom, Jorgen"]
[Black "Kopasov, Evgeny"]
[Result "1-0"]
[WhiteElo "2118"]
[BlackElo "2154"]
[EventDate "2003.12.27"]
[PlyCount "71"]

1.d4 d5 2.c4 e6 3.Nc3 c6 4.cxd5 exd5 5.Qc2 Nf6 6.Bg5 Be7 7.e3 Nbd7 8.Bd3 
O-O 9.Nge2 Re8 10.O-O Nf8 11.f3 h6 12.Bh4 Ne6 13.Bf2 c5 14.Qd2 cxd4 15.
exd4 Bd7 16.Rac1 Rc8 17.Be3 Bf8 18.g4 Qb6 19.h4 Nc7 20.Ng3 g6 21.g5 hxg5 
22.hxg5 Nh5 23.Nxh5 gxh5 24.Rce1 Bg7 25.Kg2 h4 26.Bb1 Qe6 27.Rh1 h3+ 28.
Kg3 Qb6 29.f4 Rxe3+ 30.Rxe3 Bxd4 31.Re2 Bg7 32.Nxd5 Nxd5 33.Qxd5 Bc6 34.
Qf5 Rd8 35.Re7 Rf8 36.Qh7# 1-0

[Event "33rd Rilton Cup"]
[Site "Stockholm SWE"]
[Date "2003.12.28"]
[Round "2.41"]
[White "Leino, Jukka"]
[Black "Larsen, Tor Kristian"]
[Result "1-0"]
[WhiteElo "2215"]
[BlackElo "1990"]
[EventDate "2003.12.27"]
[PlyCount "123"]

1.e4 c5 2.Nf3 Nc6 3.Bb5 g6 4.Bxc6 dxc6 5.d3 Bg7 6.h3 e5 7.O-O Qe7 8.Nc3 
Nf6 9.Be3 Nd7 10.Qd2 Nf8 11.Bh6 f6 12.Bxg7 Qxg7 13.Ne2 Ne6 14.c3 O-O 15.d4
cxd4 16.cxd4 exd4 17.Nexd4 Rd8 18.Qe3 Qe7 19.Rad1 c5 20.Nf5 gxf5 21.exf5 
Qf7 22.fxe6 Bxe6 23.Qxc5 b6 24.Qe3 Bxa2 25.Rfe1 Rxd1 26.Rxd1 Re8 27.Qf4 
Be6 28.Nd4 Bc8 29.Rd3 Kh8 30.Rg3 Rg8 31.Nb5 Rxg3 32.Qxg3 a6 33.Nd6 Qe6 34.
Nxc8 Qxc8 35.Qd6 Kg7 36.Qxb6 Qc4 37.g3 Kg6 38.Qe3 Qb5 39.Qd4 Kg7 40.h4 h5 
41.b4 Qe2 42.Kg2 Kg6 43.Qf4 Kg7 44.Qd4 Kg6 45.Qd5 Kg7 46.Qf5 Kf7 47.Qf3 
Qb5 48.Qe4 Kg7 49.g4 hxg4 50.Qxg4+ Kh6 51.Qf4+ Kg6 52.Qe4+ Kh6 53.Kg3 Kg7 
54.Qg4+ Kh6 55.Qf4+ Kg6 56.Qe4+ Kh6 57.Qe3+ Kg6 58.Qc5 Qe2 59.Qd5 Kg7 60.
Qd7+ Kh8 61.Qc8+ Kg7 62.Qg4+ 1-0

[Event "33rd Rilton Cup"]
[Site "Stockholm SWE"]
[Date "2003.12.28"]
[Round "2.43"]
[White "Friberg, Hans"]
[Black "Penttila, Tero"]
[Result "0-1"]
[WhiteElo "2243"]
[BlackElo "1983"]
[EventDate "2003.12.27"]
[PlyCount "176"]

1.Nf3 Nf6 2.c4 b6 3.g3 Bb7 4.Bg2 e6 5.O-O Be7 6.Nc3 O-O 7.d4 Ne4 8.Qc2 
Nxc3 9.bxc3 f5 10.d5 c6 11.Nd4 Qc8 12.e4 cxd5 13.cxd5 Bc5 14.Be3 f4 15.
gxf4 Bxd4 16.Bxd4 Rxf4 17.Rad1 d6 18.Be3 Rh4 19.f4 exd5 20.exd5 Qe8 21.Rf3
Nd7 22.Rg3 Nf6 23.Qd3 Qf7 24.f5 Re8 25.h3 Kh8 26.c4 Ba6 27.Bd4 Nh5 28.Rg5 
h6 29.Rg6 Nf4 30.Rxg7 Nxd3 31.Rxf7+ Rxd4 32.Rf6 Re1+ 33.Rxe1 Nxe1 34.Rxh6+
Kg7 35.Rg6+ Kf7 36.Rxd6 Nxg2 37.Kxg2 Bxc4 38.Rd7+ Kf6 39.Rxa7 Bxd5+ 40.Kg3
Kxf5 41.Ra6 Rd3+ 42.Kf2 Rd2+ 43.Ke3 Rb2 44.Kd4 Bxa2 45.Kc3 Rh2 46.Rxb6 
Rxh3+ 47.Kd4 Rh4+ 48.Kc3 Bd5 49.Rb8 Ke5 50.Rd8 Rh3+ 51.Kd2 Kd4 52.Re8 Rd3+
53.Kc2 Rf3 54.Kd2 Rf7 55.Rd8 Rf2+ 56.Ke1 Rb2 57.Kf1 Ke5 58.Rf8 Be4 59.Kg1 
Bf5 60.Rf7 Ke4 61.Rf6 Kf4 62.Rf8 Kg4 63.Rf7 Bd3 64.Rg7+ Kf4 65.Rf7+ Ke3 
66.Ra7 Rd2 67.Ra5 Kf3 68.Ra7 Be4 69.Ra3+ Bd3 70.Ra7 Rg2+ 71.Kh1 Be4 72.Rb7
Re2 73.Rb3+ Kg4+ 74.Kg1 Bf3 75.Rb8 Kg3 76.Rg8+ Bg4 77.Rf8 Re1+ 78.Rf1 Re2 
79.Rf8 Rd2 80.Rf7 Rc2 81.Rf8 Rd2 82.Rf7 Re2 83.Rf8 Be6 84.Rf6 Re1+ 85.Rf1 
Re5 86.Ra1 Bd5 87.Kf1 Bg2+ 88.Kg1 Rh5 0-1

[Event "33rd Rilton Cup"]
[Site "Stockholm SWE"]
[Date "2003.12.28"]
[Round "2.44"]
[White "Hammar, Ulf"]
[Black "Adler, Bo"]
[Result "0-1"]
[WhiteElo "2100"]
[BlackElo "2245"]
[EventDate "2003.12.27"]
[PlyCount "120"]

1.e4 e5 2.Nf3 Nc6 3.d3 d6 4.g3 Be7 5.Bg2 f5 6.Nc3 Nf6 7.Nh4 fxe4 8.Nxe4 
O-O 9.Nxf6+ Bxf6 10.Bd5+ Kh8 11.Qh5 Qe8 12.Qxe8 Rxe8 13.Bxc6 bxc6 14.Be3 
c5 15.O-O-O Rb8 16.Ng2 a5 17.h4 Rf8 18.c3 Be6 19.a3 Rb3 20.Rd2 c4 21.Ne1 
h6 22.Bg5 cxd3 23.Bxf6 Rxf6 24.Nxd3 Bf5 25.Re1 Bxd3 26.Rxd3 Rxf2 27.Rd2 
Rxd2 28.Kxd2 Rxb2+ 29.Kc1 Rb3 30.Kc2 a4 31.Re4 Rxa3 32.Kb2 Rb3+ 33.Kc2 Rb7
34.Rxa4 Kg8 35.Kd3 Kf7 36.Rc4 h5 37.Ke4 Ke6 38.Rc6 g6 39.Ra6 Rb6 40.Ra7 
d5+ 41.Ke3 Rc6 42.Kd3 Rc4 43.Kd2 Kf5 44.Ra8 Kg4 45.Re8 Kf5 46.Rf8+ Ke6 47.
Re8+ Kd6 48.Rd8+ Kc5 49.Re8 Rg4 50.Rxe5 Rxg3 51.Re7 Kd6 52.Re2 Rg4 53.Rh2 
Kc5 54.Rh3 Kc4 55.Kc2 c5 56.Kd2 Rg2+ 57.Kc1 Kb3 58.Kd1 c4 59.Rf3 Rg4 60.
Rh3 Kb2 0-1

[Event "33rd Rilton Cup"]
[Site "Stockholm SWE"]
[Date "2003.12.28"]
[Round "2.46"]
[White "Agafonovs, Jurijs"]
[Black "Namini, Armin"]
[Result "1/2-1/2"]
[WhiteElo "2213"]
[BlackElo "2086"]
[EventDate "2003.12.27"]
[PlyCount "178"]

1.d4 Nf6 2.c4 e6 3.Nc3 Bb4 4.e3 b6 5.Nf3 Bb7 6.Bd3 Ne4 7.Qc2 f5 8.Bd2 Nxd2
9.Qxd2 Qf6 10.O-O O-O 11.Qe2 Bxc3 12.bxc3 c5 13.e4 fxe4 14.Bxe4 Bxe4 15.
Qxe4 Nc6 16.Rae1 Qf5 17.d5 Na5 18.dxe6 dxe6 19.Ne5 Rad8 20.Qxf5 Rxf5 21.
Re2 Rd6 22.g3 Nc6 23.Nxc6 Rxc6 24.Rd1 Rf3 25.Re3 Rxe3 26.fxe3 Rc7 27.Kf2 
Kf7 28.Kf3 Ke8 29.Ke4 Rf7 30.Ke5 Ke7 31.e4 Rf6 32.h4 Rf3 33.Rd6 Rxg3 34.
Rxe6+ Kf7 35.Rc6 Rh3 36.Rc7+ Kg6 37.Kd6 Rxh4 38.e5 h5 39.e6 Re4 40.Rf7 h4 
41.Rf1 Kh5 42.e7 h3 43.Rf5+ Kg4 44.Re5 Rxe5 45.Kxe5 h2 46.e8=Q h1=Q 47.
Qg6+ Kh3 48.Qh7+ Kg2 49.Qxg7+ Kf2 50.Qxa7 Qh8+ 51.Kd5 Qf6 52.a4 Qf3+ 53.
Kd6 Qf6+ 54.Kd5 Qf3+ 55.Kd6 Qf6+ 56.Kc7 Qxc3 57.Qxb6 Qxc4 58.a5 Qb4 59.a6 
Qf4+ 60.Kc6 Qe4+ 61.Kxc5 Kg3 62.Qb3+ Kh2 63.Qd5 Qa4 64.Qd6+ Kh3 65.Qd3+ 
Kh2 66.Qc4 Qa3+ 67.Kb6 Qb2+ 68.Kc7 Qg7+ 69.Kc8 Qh8+ 70.Kb7 Qb2+ 71.Ka7 
Qg7+ 72.Kb6 Kh3 73.a7 Qf6+ 74.Qc6 Qd4+ 75.Kb7 Qg7+ 76.Kb8 Qe5+ 77.Qc7 Qb5+
78.Kc8 Qe8+ 79.Kb7 Qb5+ 80.Qb6 Qd7+ 81.Kb8 Qe8+ 82.Kc7 Qe7+ 83.Kc8 Qe8+ 
84.Qd8 Qc6+ 85.Kb8 Qb5+ 86.Ka8 Qc6+ 87.Kb8 Qb5+ 88.Kc8 Qa6+ 89.Kb8 Qb5+ 
1/2-1/2

[Event "33rd Rilton Cup"]
[Site "Stockholm SWE"]
[Date "2003.12.28"]
[Round "2.47"]
[White "Ong, Kezli"]
[Black "Janse, Love"]
[Result "1-0"]
[WhiteElo "2184"]
[BlackElo "2152"]
[EventDate "2003.12.27"]
[PlyCount "87"]

1.e4 g6 2.d4 d6 3.Nc3 c6 4.g3 Bg7 5.Bg2 Nd7 6.Nge2 e5 7.O-O Ngf6 8.a4 O-O 
9.h3 Re8 10.Be3 Nf8 11.f4 exf4 12.Bxf4 Nh5 13.Bc1 Ne6 14.g4 Nf6 15.Be3 h5 
16.gxh5 Nxh5 17.Qe1 Qe7 18.Qf2 Bf6 19.Bf3 Ng5 20.Bxg5 Bxg5 21.Bxh5 gxh5 
22.Qf3 h4 23.Kh2 f6 24.Rf2 Qh7 25.Rg1 Kh8 26.e5 dxe5 27.Ne4 Qh6 28.Nxf6 e4
29.Nxe4 Be3 30.Nf4 Bf5 31.Qxe3 Rxe4 32.Ng6+ Qxg6 33.Rxg6 Rxe3 34.Rxf5 Re2+
35.Rg2 Rxg2+ 36.Kxg2 Kg7 37.Rh5 Re8 38.Kf3 Re1 39.Rxh4 Rc1 40.Rg4+ Kf7 41.
Rg2 Rh1 42.Kg4 Rd1 43.c3 Ke6 44.h4 1-0

[Event "33rd Rilton Cup"]
[Site "Stockholm SWE"]
[Date "2003.12.28"]
[Round "2.49"]
[White "Nystrom, Ragnar"]
[Black "Lindh, Fredrik"]
[Result "0-1"]
[WhiteElo "2098"]
[BlackElo "2196"]
[EventDate "2003.12.27"]
[PlyCount "88"]

1.d4 Nf6 2.c4 g6 3.Nc3 d5 4.Bg5 Bg7 5.Nf3 dxc4 6.e3 c5 7.Bxc4 O-O 8.O-O 
Nc6 9.dxc5 Qa5 10.e4 Qxc5 11.Be2 Rd8 12.Qc1 Bg4 13.h3 Bxf3 14.Bxf3 Nd4 15.
Bd1 Rac8 16.Be3 Qb4 17.Qb1 e5 18.Kh1 Qc4 19.Bb3 Qb4 20.Bxd4 Rxd4 21.Rd1 
Rxd1+ 22.Bxd1 Rd8 23.a3 Qb6 24.Qc2 Bh6 25.Na4 Qe6 26.Bf3 Rd2 27.Qc5 b6 28.
Qc7 Rxf2 29.Qd8+ Kg7 30.Qd3 Rd2 31.Qc3 Rd4 32.b4 Bd2 33.Qc2 Qd7 34.Nb2 b5 
35.Rf1 h5 36.Nd1 g5 37.Nf2 g4 38.hxg4 hxg4 39.Be2 g3 40.Nd3 Nxe4 41.Nxe5 
Nf2+ 42.Kg1 Rh4 43.Rxf2 Qd4 44.Qf5 gxf2+ 0-1

[Event "33rd Rilton Cup"]
[Site "Stockholm SWE"]
[Date "2003.12.28"]
[Round "2.50"]
[White "Norberg, Johan"]
[Black "Johansson, Robin (1)"]
[Result "0-1"]
[WhiteElo "2176"]
[BlackElo "2095"]
[EventDate "2003.12.27"]
[PlyCount "108"]

1.e4 Nc6 2.d4 d5 3.e5 f6 4.f4 Nh6 5.Nf3 Bg4 6.Be2 e6 7.Be3 Be7 8.O-O O-O 
9.c3 Kh8 10.Ne1 Bxe2 11.Qxe2 fxe5 12.fxe5 Rxf1+ 13.Kxf1 Bg5 14.Nf3 Bxe3 
15.Qxe3 Ne7 16.Nbd2 Nef5 17.Qg5 Qe8 18.Kg1 Nf7 19.Qf4 Qe7 20.h4 Rf8 21.Nf1
c5 22.Ne3 N7h6 23.Nxf5 Rxf5 24.Qe3 Ng4 25.Qe2 h6 26.g3 Qf8 27.Rf1 cxd4 28.
Nxd4 Rxf1+ 29.Qxf1 Qxf1+ 30.Kxf1 Nxe5 31.Nxe6 Kg8 32.Nf4 Kf7 33.Nxd5 Ke6 
34.Ne3 Nd3 35.Nd1 Kf5 36.Ke2 Nc1+ 37.Kd2 Nxa2 38.Nf2 b5 39.Kc2 b4 40.c4 
b3+ 41.Kxb3 Nc1+ 42.Kb4 Ne2 43.g4+ Kf4 44.c5 Nd4 45.Kc4 Nc6 46.Kd5 Nb4+ 
47.Kd6 Kg3 48.Nd3 Nxd3 49.c6 Nxb2 50.c7 Nc4+ 51.Kc6 Nb6 52.Kb7 Kxg4 53.
Kxa7 Nc8+ 54.Kb7 Ne7 0-1

[Event "33rd Rilton Cup"]
[Site "Stockholm SWE"]
[Date "2003.12.28"]
[Round "2.51"]
[White "Cleanthous, Demetris"]
[Black "Andersson, Goran"]
[Result "0-1"]
[WhiteElo "2091"]
[BlackElo "2194"]
[EventDate "2003.12.27"]
[PlyCount "144"]

1.d4 e6 2.c4 Nf6 3.Nc3 d5 4.Nf3 Be7 5.Bg5 h6 6.Bh4 O-O 7.e3 b6 8.cxd5 Nxd5
9.Bxe7 Qxe7 10.Nxd5 exd5 11.Bd3 c5 12.dxc5 bxc5 13.O-O Be6 14.Qa4 Qb7 15.
Qb5 Qxb5 16.Bxb5 a6 17.Ba4 Nd7 18.Bxd7 Bxd7 19.Rfd1 Be6 20.Rac1 Rfc8 21.
Rc3 Rab8 22.Rd2 a5 23.h3 a4 24.Ne5 g5 25.Nd3 c4 26.Ne5 Rb6 27.g4 Rcb8 28.
Rcc2 h5 29.e4 dxe4 30.Nxc4 Rb4 31.Ne5 hxg4 32.hxg4 Bxa2 33.Nc6 e3 34.fxe3 
Rxg4+ 35.Kf2 Re8 36.Rc5 f6 37.Rd7 Rge4 38.Rc3 Be6 39.Rd4 Rxd4 40.Nxd4 Bd7 
41.Rc7 Rd8 42.Rb7 Kf8 43.Kg3 Ke8 44.Rb6 Ke7 45.Kf3 Rh8 46.Kg3 Rh3+ 47.Kf2 
g4 48.Rb7 Kd6 49.Rb6+ Kc7 50.Rb4 f5 51.Nb5+ Bxb5 52.Rxb5 Rf3+ 53.Ke2 f4 
54.exf4 Rxf4 55.Ke3 Kc6 56.Rg5 Rb4 57.Kd3 Kd6 58.Ke3 Ke6 59.Ra5 Kf6 60.Kf2
Rxb2+ 61.Kg3 Rb4 62.Kf2 Ke6 63.Kf1 Kd6 64.Ke2 Kc6 65.Kd2 Kb6 66.Ra8 g3 67.
Rg8 Rb3 68.Kc2 Rf3 69.Rg5 a3 70.Kb1 Kc6 71.Kc2 Rf2+ 72.Kb1 g2 0-1

[Event "33rd Rilton Cup"]
[Site "Stockholm SWE"]
[Date "2003.12.28"]
[Round "2.52"]
[White "Lappalainen, Tommy"]
[Black "Backman, Michael"]
[Result "1-0"]
[WhiteElo "2194"]
[BlackElo "2106"]
[EventDate "2003.12.27"]
[PlyCount "61"]

1.Nf3 Nf6 2.c4 g6 3.g3 Bg7 4.Bg2 O-O 5.O-O d6 6.Nc3 Nc6 7.Rb1 e5 8.d3 Nh5 
9.b4 f5 10.b5 Ne7 11.Bb2 h6 12.e4 f4 13.d4 Bg4 14.dxe5 Bxe5 15.Qd3 g5 16.
h3 Bxf3 17.Bxf3 Nf6 18.gxf4 Bxf4 19.Ne2 Nd7 20.Nxf4 Rxf4 21.e5 Nxe5 22.
Bxe5 dxe5 23.Qe2 Qd7 24.Bg4 Qd6 25.Rbd1 Qc5 26.Rd7 Raf8 27.Be6+ Kh8 28.Bd5
e4 29.Qb2+ Kh7 30.Qe5 Rxf2 31.Bxe4+ 1-0

[Event "33rd Rilton Cup"]
[Site "Stockholm SWE"]
[Date "2003.12.28"]
[Round "2.53"]
[White "Azizi, Haroon"]
[Black "Malysheva, Polina"]
[Result "0-1"]
[WhiteElo "2122"]
[BlackElo "2157"]
[EventDate "2003.12.27"]
[PlyCount "70"]

1.Nf3 d5 2.g3 c5 3.Bg2 Nc6 4.d3 Nf6 5.Nbd2 e5 6.e4 Be7 7.O-O O-O 8.Re1 d4 
9.Nc4 Qc7 10.a4 Ne8 11.h3 Bd7 12.Bd2 Rc8 13.Nh2 Nd6 14.Na3 b6 15.f4 exf4 
16.gxf4 a6 17.b3 f5 18.e5 Nb7 19.Nf3 Nbd8 20.Qe2 Ne6 21.h4 Ncd8 22.Rf1 b5 
23.axb5 axb5 24.Ng5 Bc6 25.Bxc6 Qxc6 26.Qg2 Qd7 27.Kh2 h6 28.Nf3 Rc7 29.
Rg1 Ra7 30.Rgb1 c4 31.Nxb5 Rxa1 32.Rxa1 Qxb5 33.dxc4 Qc6 34.Ra7 Bc5 35.b4 
Bxa7 0-1

[Event "33rd Rilton Cup"]
[Site "Stockholm SWE"]
[Date "2003.12.28"]
[Round "2.57"]
[White "Johnsen, Sylvia"]
[Black "Miskulin, Dennis"]
[Result "0-1"]
[WhiteElo "2102"]
[BlackElo "2156"]
[EventDate "2003.12.27"]
[PlyCount "86"]

1.e4 c5 2.c3 e6 3.d4 d5 4.exd5 exd5 5.Nf3 Nc6 6.Be2 Nf6 7.O-O Be7 8.Na3 
O-O 9.Nc2 Re8 10.Re1 h6 11.Ne3 Be6 12.Bb5 Qb6 13.Ba4 Red8 14.Ne5 cxd4 15.
Nxc6 bxc6 16.Qxd4 Qxd4 17.cxd4 Rdc8 18.Bd2 Ne4 19.Ba5 c5 20.dxc5 Nxc5 21.
Bd1 d4 22.Nd5 Bd6 23.Bf3 Rab8 24.Rad1 Rxb2 25.Rxd4 Rxa2 26.Nb4 Rxa5 27.
Rxd6 Ra3 28.Nc6 Kh7 29.Rc1 Nb7 30.Be4+ g6 31.Rdd1 Na5 32.Nd8 Rxc1 33.Rxc1 
Nb3 34.Re1 Bc4 35.h4 h5 36.Re3 Ra1+ 37.Kh2 Rd1 38.Nc6 Nd2 39.Nxa7 Nf1+ 40.
Kh3 Be6+ 41.g4 Nxe3 42.fxe3 Re1 43.Kg3 Rg1+ 0-1

[Event "33rd Rilton Cup"]
[Site "Stockholm SWE"]
[Date "2003.12.28"]
[Round "2.58"]
[White "Norberg, Erik"]
[Black "Christensen, Esben"]
[Result "1-0"]
[WhiteElo "2166"]
[BlackElo "2083"]
[EventDate "2003.12.27"]
[PlyCount "79"]

1.e4 c5 2.Nf3 e6 3.d3 Nf6 4.g3 d5 5.Nbd2 Be7 6.Bg2 Nc6 7.O-O O-O 8.e5 Nd7 
9.Re1 Qc7 10.Qe2 Re8 11.Nf1 f6 12.exf6 Nxf6 13.Bg5 Bd6 14.Bxf6 gxf6 15.Ne3
Rf8 16.Nh4 Qf7 17.c4 d4 18.Nef5 Qc7 19.Bxc6 bxc6 20.Nxd6 Qxd6 21.Qh5 Bd7 
22.Re4 Rf7 23.Rae1 Rg7 24.f4 Kh8 25.Qd1 Rag8 26.Qa4 Bc8 27.Qa5 Rb7 28.R1e2
Rbg7 29.Nf3 Qf8 30.b4 e5 31.fxe5 Bf5 32.Rf4 Bxd3 33.Rf2 Bxc4 34.exf6 Rg4 
35.Rxg4 Rxg4 36.Ne5 Qg8 37.Nxg4 Qxg4 38.Qxc5 Qd1+ 39.Kg2 Bd5+ 40.Qxd5 1-0

[Event "33rd Rilton Cup"]
[Site "Stockholm SWE"]
[Date "2003.12.28"]
[Round "2.59"]
[White "Jantti, Petri"]
[Black "Johansson, Viktoria"]
[Result "1-0"]
[WhiteElo "2087"]
[BlackElo "2167"]
[EventDate "2003.12.27"]
[PlyCount "83"]

1.e4 c5 2.Nf3 Nc6 3.d4 cxd4 4.Nxd4 g6 5.Nc3 Bg7 6.Nb3 Nf6 7.Be2 O-O 8.O-O 
b6 9.Bg5 Bb7 10.f4 d6 11.Bf3 Nd7 12.Qe1 h6 13.Bh4 Nc5 14.Rd1 Nxb3 15.cxb3 
Nd4 16.Bg4 h5 17.Bh3 Bc8 18.Bxc8 Rxc8 19.Nd5 Re8 20.f5 Rc2 21.Rd2 Rxd2 22.
Qxd2 Nc6 23.f6 Bf8 24.fxe7 Rxe7 25.Bxe7 Bxe7 26.Rc1 Bg5 27.Nf4 Ne5 28.Rf1 
Qd7 29.h3 Qc6 30.Qd5 Bxf4 31.Rxf4 Qc1+ 32.Rf1 Qe3+ 33.Kh1 Qe2 34.Rd1 Nf3 
35.Qd3 Qxd3 36.Rxd3 Ng5 37.Rxd6 Nxe4 38.Rd7 a6 39.Rb7 b5 40.Rb6 Nc5 41.Rc6
Nd3 42.Rxa6 1-0

[Event "33rd Rilton Cup"]
[Site "Stockholm SWE"]
[Date "2003.12.28"]
[Round "2.60"]
[White "Paaske, Asger"]
[Black "Karlsen, Terje"]
[Result "1-0"]
[WhiteElo "2162"]
[BlackElo "2083"]
[EventDate "2003.12.27"]
[PlyCount "51"]

1.e4 c5 2.Nf3 Nc6 3.d4 cxd4 4.Nxd4 Nf6 5.Nc3 e5 6.Ndb5 d6 7.Bg5 a6 8.Na3 
b5 9.Bxf6 gxf6 10.Nd5 Bg7 11.g3 O-O 12.Bg2 f5 13.exf5 Bxf5 14.c3 Be6 15.
Nc2 Rb8 16.O-O Qd7 17.a4 bxa4 18.Rxa4 a5 19.Nce3 Rxb2 20.Rc4 Rc8 21.Qa4 
Kf8 22.Rh4 Kg8 23.Nc4 Bxd5 24.Bxd5 Rbb8 25.Nxa5 Qa7 26.Nxc6 1-0

[Event "33rd Rilton Cup"]
[Site "Stockholm SWE"]
[Date "2003.12.28"]
[Round "2.61"]
[White "Jensen, Leif Haugaard"]
[Black "Ask, Josef"]
[Result "0-1"]
[WhiteElo "2055"]
[BlackElo "2178"]
[EventDate "2003.12.27"]
[PlyCount "98"]

1.e4 e5 2.Nc3 Nf6 3.f4 d5 4.fxe5 Nxe4 5.Nf3 Be7 6.d4 O-O 7.Bd3 Nxc3 8.bxc3
Nc6 9.O-O Bg4 10.Bf4 Qd7 11.Qd2 Nd8 12.Bg5 Ne6 13.Bxe7 Qxe7 14.Qe3 c5 15.
Nd2 cxd4 16.cxd4 Rad8 17.Rab1 Rd7 18.Rb3 Rc8 19.c3 Bh5 20.Bf5 Rdc7 21.Qh3 
Bg6 22.Bxg6 hxg6 23.Qd3 a6 24.Rfb1 b5 25.Qf3 Qg5 26.Nf1 Qd8 27.Nd2 Rd7 28.
R1b2 Qa5 29.Nb1 Nxd4 30.cxd4 Rc1+ 31.Qf1 Rxf1+ 32.Kxf1 Rc7 33.Ke2 Rc4 34.
Rd2 b4 35.Ke3 Qa4 36.Rdb2 a5 37.a3 Rxd4 38.axb4 Rxb4 39.Rxb4 axb4 40.Nd2 
Qa3+ 41.Rb3 Qa7+ 42.Ke2 Qd4 43.Nf3 Qc4+ 44.Rd3 b3 45.Nd2 Qg4+ 46.Kf2 Qd1 
47.Ke3 b2 48.Rb3 Qxb3+ 49.Nxb3 b1=Q 0-1

[Event "33rd Rilton Cup"]
[Site "Stockholm SWE"]
[Date "2003.12.28"]
[Round "2.62"]
[White "Luna, Gustavo"]
[Black "Kulagin, Maxim"]
[Result "1-0"]
[WhiteElo "2136"]
[BlackElo "2056"]
[EventDate "2003.12.27"]
[PlyCount "67"]

1.Nf3 Nf6 2.g3 e6 3.Bg2 d5 4.O-O Be7 5.d4 O-O 6.c4 Nbd7 7.cxd5 exd5 8.Nc3 
c6 9.Qc2 Re8 10.a3 Bd6 11.Re1 Ne4 12.Nxe4 dxe4 13.Ng5 Nf6 14.Nxe4 Bf5 15.
Nxf6+ Qxf6 16.e4 Bg6 17.Be3 Rad8 18.f3 Bc7 19.Rad1 h5 20.Bf2 h4 21.Qb3 
hxg3 22.hxg3 Qg5 23.f4 Qg4 24.Qf3 Bh5 25.Qxg4 Bxg4 26.Rc1 f5 27.d5 Ba5 28.
b4 cxd5 29.exd5 Bb6 30.Bc5 Kf7 31.d6 Bxc5+ 32.bxc5 b6 33.Rxe8 Kxe8 34.c6 
1-0

[Event "33rd Rilton Cup"]
[Site "Stockholm SWE"]
[Date "2003.12.28"]
[Round "2.63"]
[White "Horn, Emilia"]
[Black "Andersson, Fredrik"]
[Result "0-1"]
[WhiteElo "2028"]
[BlackElo "2164"]
[EventDate "2003.12.27"]
[PlyCount "66"]

1.e4 e5 2.Bc4 Nf6 3.d3 Nc6 4.Nc3 Na5 5.Nf3 Nxc4 6.dxc4 Bb4 7.Qd3 d6 8.Bd2 
Bg4 9.O-O Bxc3 10.Bxc3 Nd7 11.b3 O-O 12.h3 Be6 13.Bd2 Nc5 14.Qe3 f5 15.
exf5 Bxf5 16.Rac1 Ne6 17.Kh2 Qf6 18.Ng1 Qg6 19.c3 Rf6 20.Qg3 Qf7 21.f3 Re8
22.Rfe1 Nc5 23.Re3 Nd3 24.Rd1 Nf4 25.Qf2 Rg6 26.g3 Nxh3 27.Nxh3 Rh6 28.g4 
Bxg4 29.Rf1 Bxh3 30.Ree1 Rh5 31.Rh1 Bf1+ 32.Kg1 Qg6+ 33.Kxf1 Rxh1+ 0-1

[Event "33rd Rilton Cup"]
[Site "Stockholm SWE"]
[Date "2003.12.28"]
[Round "2.64"]
[White "Loenngren, Tobias"]
[Black "Bodin, Stefan"]
[Result "1-0"]
[WhiteElo "2155"]
[BlackElo "2004"]
[EventDate "2003.12.27"]
[PlyCount "105"]

1.d4 d5 2.c4 e5 3.dxe5 d4 4.Nf3 Nc6 5.g3 Bg4 6.Bg2 f6 7.exf6 Nxf6 8.O-O 
Qd7 9.a3 a5 10.Qa4 Rd8 11.Bg5 Be7 12.Nbd2 O-O 13.Rac1 h6 14.Bxf6 Rxf6 15.
c5 Kh8 16.b4 axb4 17.axb4 Qe8 18.b5 Ra8 19.Qb3 Be6 20.Qb1 Nd8 21.Nxd4 Bg8 
22.Ne4 Rf8 23.c6 b6 24.Nc3 Ne6 25.Nxe6 Bxe6 26.Nd5 Bxd5 27.Bxd5 Bc5 28.Qe4
Qh5 29.e3 Rae8 30.Qg2 Re5 31.Bc4 Qg4 32.h3 Qg6 33.Kh2 h5 34.h4 Bd6 35.Kh1 
Qf6 36.Bd5 Qf5 37.e4 Qg6 38.f4 Ree8 39.e5 Bc5 40.Be4 Qf7 41.Bb1 g6 42.Qe4 
Qe6 43.Kg2 Kg7 44.Rcd1 Rd8 45.Rd7+ Rxd7 46.cxd7 Rd8 47.Rd1 Qg4 48.Rd5 Be7 
49.e6 Bxh4 50.Qxg6+ Qxg6 51.Bxg6 Kxg6 52.gxh4 Kf6 53.f5 1-0

[Event "33rd Rilton Cup"]
[Site "Stockholm SWE"]
[Date "2003.12.28"]
[Round "2.65"]
[White "Egeland, Marte"]
[Black "Forsberg, Viktor"]
[Result "0-1"]
[WhiteElo "1990"]
[BlackElo "2153"]
[EventDate "2003.12.27"]
[PlyCount "104"]

1.e4 c5 2.Nf3 d6 3.d4 cxd4 4.Qxd4 a6 5.Bg5 Nc6 6.Qd2 h6 7.Bh4 g5 8.Bg3 Bg7
9.c3 Nf6 10.Qc2 Bg4 11.Nbd2 Nh5 12.Be2 Rc8 13.Nc4 Nxg3 14.hxg3 Be6 15.Ne3 
Qa5 16.Nf5 Bxf5 17.exf5 b5 18.O-O O-O 19.Qe4 Bf6 20.Nd2 Qb6 21.Kh2 d5 22.
Qg4 h5 23.Qf3 Kg7 24.Nb3 h4 25.gxh4 Rh8 26.h5 Ne5 27.Qxd5 g4 28.g3 Rxh5+ 
29.Kg1 Rch8 30.Qe4 R8h6 31.Nd4 Qd8 32.f3 Rh1+ 33.Kf2 R6h2+ 34.Ke1 Rxf1+ 
35.Bxf1 Rxb2 36.fxg4 Qc7 37.Qe3 Nxg4 38.Qf3 Qe5+ 39.Be2 Ne3 40.Rc1 Rxa2 
41.Kf2 Nd5 42.Rd1 Bg5 43.f6+ Nxf6 44.Nf5+ Kg6 45.Nd4 Be3+ 46.Kf1 Bxd4 47.
Rxd4 e6 48.Rh4 Ra1+ 49.Kg2 Qd5 50.Bd3+ Kg7 51.Be4 Nxe4 52.Rxe4 f5 0-1

[Event "33rd Rilton Cup"]
[Site "Stockholm SWE"]
[Date "2003.12.28"]
[Round "2.66"]
[White "Miloradovic, Jelena"]
[Black "Lardot, Derik"]
[Result "0-1"]
[WhiteElo "2149"]
[BlackElo "2014"]
[EventDate "2003.12.27"]
[PlyCount "76"]

1.c4 e5 2.Nc3 d6 3.g3 f5 4.Bg2 Nf6 5.e3 g6 6.Nge2 Bg7 7.O-O O-O 8.b3 Nbd7 
9.Ba3 Rb8 10.Rc1 b6 11.Nb5 a6 12.Na7 Bb7 13.Nc6 Bxc6 14.Bxc6 Kh8 15.d4 Rf7
16.Qc2 Qe7 17.c5 dxc5 18.dxc5 b5 19.Rfd1 Qe6 20.Bxd7 Rxd7 21.Rxd7 Qxd7 22.
Qd1 Rd8 23.Nc3 Qxd1+ 24.Rxd1 Rxd1+ 25.Nxd1 Nd5 26.Bb2 e4 27.Kf1 Bxb2 28.
Nxb2 Kg7 29.Ke1 Kf6 30.Kd2 Ke5 31.a3 g5 32.Nd1 a5 33.Nb2 g4 34.Nd1 Ke6 35.
Nb2 Kd7 36.a4 c6 37.Nd1 Ke6 38.axb5 cxb5 0-1